000 00967cam a2200229 4500
008 000000n2001 000 0 eng u
020 _a0415234824
035 _a(Sirsi) u105609
050 _a692.8
100 _aWoolley, Richard
245 _aFind your way around JCT 98 ; private with quantities.
260 _aLondon
_bSpon Press
_c2001
300 _axv, 208p. 17 x 25cm
350 _a18.50
520 _aWritten for construction practitioners; architects, contractors and sub-contractors, clients, quantity surveyors and project managers, this book is and index guide to JCT98. One-line signposts are used to make connections between clauses and give a detailed picture of JCT98.
650 _aJCT STANDARD FORM OF BUILDING CONTRACT (1998 EDITION)
650 _aBUILT ENVIRONMENT-BUILDING CONTRACT FORMS
650 _aJCT
650 _aSTANDARD FORM OF BUILDING CONTRACT 1998
690 _aBUILT ENVIRONMENT-BUILDING CONTRACT FORMS
942 _n0
999 _c100444
_d100444